[Event "Harkany Tenkes Cup"]
[Site "Harkany"]
[Date "1998.??.??"]
[Round "?"]
[White "Bachmayer, Josef"]
[Black "Tsarenkov, Pavel"]
[Result "0-1"]
[WhiteElo "2105"]
[BlackElo "2350"]
[PlyCount "94"]
[EventDate "1998.11.??"]
[EventType "swiss"]
[EventRounds "9"]
[EventCountry "HUN"]
[SourceTitle "EXT 2002"]
[Source "ChessBase"]
[SourceDate "2001.11.25"]
[SourceVersion "1"]
[SourceVersionDate "2001.11.25"]
[SourceQuality "1"]

1. d4 Nf6 2. Nc3 d5 3. Bg5 Bf5 4. Bxf6 exf6 5. e3 Be7 6. Bd3 Qd7 7. Nge2 Nc6 8. e4 dxe4 9. Bxe4 0-0-0 10. Bxc6 Qxc6 11. 0-0 h5 12. d5 Qb6 13. Qd2 Qxb2 14. Nd4 Bb4 15. Nxf5 Qxc3 16. Qxc3 Bxc3 17. Rad1 g6 18. Rd3 gxf5 19. Rxc3 Rxd5 20. Re1 Re5 21. Kf1 c6 22. Rf3 Rhe8 23. Rd1 Rd8 24. Rxd8+ Kxd8 25. Rh3 f4 26. Rf3 Re4 27. Rh3 Rc4 28. Rxh5 Rxc2 29. Rh8+ Ke7 30. Rb8 Rb2 31. a4 a5 32. Ra8 b6 33. h4 Rb4 34. Rb8 f3 35. gxf3 Rxh4 36. Rxb6 Kd6 37. Rb7 Rxa4 38. Rxf7 Ke5 39. Rc7 Rc4 40. Ke2 f5 41. Kd3 Rd4+ 42. Ke2 Kd6 43. Ra7 a4 44. Ra5 c5 45. Ra6+ Kc7 46. f4 Rxf4 47. f3 Rd4 0-1

[Event "Harkany Tenkes Cup"]
[Site "Harkany"]
[Date "1998.??.??"]
[Round "?"]
[White "Horvath, P."]
[Black "Tsarenkov, Pavel"]
[Result "1-0"]
[WhiteElo "2405"]
[BlackElo "2350"]
[PlyCount "81"]
[EventDate "1998.11.??"]
[EventType "swiss"]
[EventRounds "9"]
[EventCountry "HUN"]
[SourceTitle "EXT 2002"]
[Source "ChessBase"]
[SourceDate "2001.11.25"]
[SourceVersion "1"]
[SourceVersionDate "2001.11.25"]
[SourceQuality "1"]

1. d4 Nf6 2. Nf3 g6 3. g3 Bg7 4. Bg2 0-0 5. c4 d6 6. 0-0 c5 7. Nc3 Nc6 8. d5 Na5 9. Nd2 a6 10. Qc2 Rb8 11. b3 b5 12. Bb2 e5 13. e3 Bf5 14. e4 Bd7 15. cxb5 axb5 16. Ne2 Qb6 17. Kh1 c4 18. b4 Nb7 19. h3 Nh5 20. g4 Nf6 21. f4 exf4 22. Rxf4 Ne8 23. Bxg7 Nxg7 24. Raf1 Ra8 25. Nb1 Qd8 26. Nbc3 h5 27. Nd4 hxg4 28. hxg4 Qh4+ 29. Kg1 Bxg4 30. Qf2 Qxf2+ 31. R1xf2 Bd7 32. Ndxb5 f5 33. exf5 Rxf5 34. Rxc4 Bxb5 35. Nxb5 Rxf2 36. Kxf2 Rxa2+ 37. Kg1 Ra1+ 38. Kh2 Ra8 39. Rc7 Rb8 40. Nd4 Nf5 41. Nc6 1-0

[Event "Harkany Tenkes Cup"]
[Site "Harkany"]
[Date "1998.??.??"]
[Round "?"]
[White "Tsarenkov, Pavel"]
[Black "Frank, Jozsef"]
[Result "1/2-1/2"]
[WhiteElo "2350"]
[BlackElo "2165"]
[PlyCount "72"]
[EventDate "1998.11.??"]
[EventType "swiss"]
[EventRounds "9"]
[EventCountry "HUN"]
[SourceTitle "EXT 2002"]
[Source "ChessBase"]
[SourceDate "2001.11.25"]
[SourceVersion "1"]
[SourceVersionDate "2001.11.25"]
[SourceQuality "1"]

1. e4 e6 2. d4 d5 3. Nd2 dxe4 4. Nxe4 Nf6 5. Nxf6+ Qxf6 6. Nf3 h6 7. Bd3 Bd6 8. c3 Bd7 9. Nd2 Bc6 10. Ne4 Bxe4 11. Bxe4 c6 12. Qb3 Qe7 13. Be3 Qc7 14. g3 Nd7 15. 0-0-0 Nf6 16. Bg2 Nd5 17. c4 Nxe3 18. fxe3 Be7 19. Kb1 Bf6 20. e4 0-0 21. e5 Be7 22. h4 Rad8 23. Rhe1 Rd7 24. d5 exd5 25. cxd5 cxd5 26. Bxd5 Kh8 27. Rc1 Bc5 28. Qc4 Bb6 29. Qb4 Qd8 30. e6 fxe6 31. Bxe6 Qe7 32. Qb3 Rc7 33. Rxc7 Qxc7 34. g4 Bf2 35. Rc1 Qb6 36. Qa3 Qd8 1/2-1/2